|
|
|
|
| LEADER |
03765nam a2200817 i 4500 |
| 001 |
nkc20203230836 |
| 003 |
CZ PrNK |
| 005 |
20231115095150.0 |
| 007 |
ta |
| 008 |
200615s2020 xr agh f c 000 0 cze |
| 015 |
|
|
|a cnb003230836
|
| 020 |
|
|
|a 978-80-7028-532-9
|q (brožováno)
|
| 035 |
|
|
|a (OCoLC)1204253728
|
| 040 |
|
|
|a ABA001
|b cze
|d BOA001
|e rda
|
| 041 |
0 |
|
|a cze
|b eng
|
| 043 |
|
|
|a e-xr---
|
| 045 |
|
|
|a u-w-
|
| 072 |
|
7 |
|a 784
|x Vokální hudba
|2 Konspekt
|9 9
|
| 080 |
|
|
|a 398.85/.87
|2 MRF
|
| 080 |
|
|
|a 784.3/.7(=162.3)
|2 MRF
|
| 080 |
|
|
|a 098:398.51
|2 MRF
|
| 080 |
|
|
|a 811.162.3
|2 MRF
|
| 080 |
|
|
|a 821.162.3
|2 MRF
|
| 080 |
|
|
|a (437.3)
|2 MRF
|
| 080 |
|
|
|a (083.824)
|2 MRF
|
| 080 |
|
|
|a (048.8:082)
|2 MRF
|
| 100 |
1 |
|
|a Kosek, Pavel,
|d 1972-
|7 ola2002159141
|4 aut
|
| 245 |
1 |
0 |
|a Do Brna široká cesta :
|b kramářské písně se světskou tematikou : katalog k výstavě : Moravské zemské muzeum, 4. září 2020 - 7. března 2021 /
|c Pavel Kosek, Hana Bočková, Martin Drozda, Jiří Dufka, Věra Frolcová, Marie Hanzelková, Andrea Jochmanová, Kateřina Kovárová, Petra Medříková, Jana Poláková, Tomáš Slavický, Markéta Vlková ; Hana Glombová, ed.
|
| 246 |
3 |
0 |
|a Kramářské písně se světskou tematikou
|
| 264 |
|
1 |
|a Brno :
|b Moravské zemské muzeum,
|c 2020
|
| 300 |
|
|
|a 128 stran :
|b ilustrace (převážně barevné), noty, faksimile ;
|c 25 cm
|
| 336 |
|
|
|a text
|b txt
|2 rdacontent
|
| 337 |
|
|
|a bez média
|b n
|2 rdamedia
|
| 338 |
|
|
|a svazek
|b nc
|2 rdacarrier
|
| 504 |
|
|
|a Obsahuje bibliografii a bibliografické odkazy
|
| 546 |
|
|
|a Anglické resumé
|
| 648 |
|
7 |
|a 17.-19. století
|7 ch757025
|2 czenas
|
| 650 |
0 |
7 |
|a kramářské písně
|7 ph222837
|z Česko
|y 17.-19. století
|2 czenas
|
| 650 |
0 |
7 |
|a české písně
|7 ph128148
|y 17.-19. století
|2 czenas
|
| 650 |
0 |
7 |
|a kramářské tisky
|7 ph472864
|z Česko
|y 17.-19. století
|2 czenas
|
| 650 |
0 |
7 |
|a čeština
|7 ph135292
|y 17.-19. století
|2 czenas
|
| 650 |
0 |
7 |
|a česká literatura
|7 ph116858
|y 17.-19. století
|2 czenas
|
| 650 |
0 |
9 |
|a broadside ballads
|z Czechia
|y 17th-19th centuries
|2 eczenas
|
| 650 |
0 |
9 |
|a Czech songs
|y 17th-19th centuries
|2 eczenas
|
| 650 |
0 |
9 |
|a chapbooks
|z Czechia
|y 17th-19th centuries
|2 eczenas
|
| 650 |
0 |
9 |
|a Czech language
|y 17th-19th centuries
|2 eczenas
|
| 650 |
0 |
9 |
|a Czech literature
|y 17th-19th centuries
|2 eczenas
|
| 655 |
|
7 |
|a katalogy výstav
|7 fd132536
|2 czenas
|
| 655 |
|
7 |
|a kolektivní monografie
|7 fd501537
|2 czenas
|
| 655 |
|
9 |
|a exhibition catalogs
|2 eczenas
|
| 655 |
|
9 |
|a collective monographs
|2 eczenas
|
| 700 |
1 |
|
|a Bočková, Hana,
|d 1955-2024
|7 mzk2005279382
|4 aut
|
| 700 |
1 |
|
|a Drozda, Martin,
|d 1991-
|7 mzk20201067488
|4 aut
|
| 700 |
1 |
|
|a Dufka, Jiří,
|d 1981-
|7 js20091116002
|4 aut
|
| 700 |
1 |
|
|a Frolcová, Věra,
|d 1956-
|7 xx0005750
|4 aut
|
| 700 |
1 |
|
|a Hanzelková, Marie
|7 mzk2013772097
|4 aut
|
| 700 |
1 |
|
|a Jochmanová, Andrea,
|d 1977-
|7 mzk2006323123
|4 aut
|
| 700 |
1 |
|
|a Kovárová, Kateřina
|4 aut
|
| 700 |
1 |
|
|a Medříková, Petra,
|d 1976-
|7 xx0037033
|4 aut
|
| 700 |
1 |
|
|a Poláková, Jana,
|d 1973-
|7 js20131220001
|4 aut
|
| 700 |
1 |
|
|a Slavický, Tomáš,
|d 1973-
|7 xx0085783
|4 aut
|
| 700 |
1 |
|
|a Herzánová Vlková, Markéta,
|d 1990-
|7 xx0232100
|4 aut
|
| 700 |
1 |
|
|a Glombová, Hana,
|d 1986-
|7 mzk2018979278
|4 edt
|
| 710 |
2 |
|
|a Moravské zemské muzeum (Brno, Česko)
|7 kn20010709060
|4 orm
|4 isb
|
| 856 |
4 |
1 |
|u https://www.digitalniknihovna.cz/mzk/uuid/uuid:2b323490-4ae9-11ee-923a-005056827e51
|y Digitalizovaný dokument
|x NDK
|
| 910 |
2 |
|
|a BOA001
|b 2-1451.493
|
| 990 |
|
|
|a BK
|
| 995 |
|
|
|a 01
|
| 991 |
|
|
|b 202009
|c NOV
|
| 996 |
6 |
|
|b 2610838492
|c 2-1451.493
|l MZK
|r Sklad / do 1 hodiny
|n 1
|p p.v.
|w 001826396
|u 000010
|a 1
|e BOA001
|j MZK50
|s P
|
| 996 |
7 |
|
|b 2610838493
|c 2-1451.493
|l MZK
|r Sklad / do 1 hodiny
|n 11
|p p.v.
|w 001826396
|u 000020
|a 1
|e BOA001
|j MZK50
|s A
|